Reflections for managers / (Record no. 2819)

000 -LEADER
fixed length control field nam a22 a 4500
003 - CONTROL NUMBER IDENTIFIER
control field AKMAL
005 - DATE AND TIME OF LATEST TRANSACTION
control field 20170518111121.0
008 - FIXED-LENGTH DATA ELEMENTS--GENERAL INFORMATION
fixed length control field 170518s19941995ny 00 eng d
020 ## - INTERNATIONAL STANDARD BOOK NUMBER
International Standard Book Number 0079121071 (pbk.):
Terms of availability USD 22.95
020 ## - INTERNATIONAL STANDARD BOOK NUMBER
International Standard Book Number 0070317399:
Terms of availability USD 11.95
040 ## - CATALOGING SOURCE
Original cataloging agency AKMAL
082 04 - DEWEY DECIMAL CLASSIFICATION NUMBER
Classification number 658 HYL
090 20 - LOCALLY ASSIGNED LC-TYPE CALL NUMBER (OCLC); LOCAL CALL NUMBER (RLIN)
Classification number (OCLC) (R) ; Classification number, CALL (RLIN) (NR) 658
Local cutter number (OCLC) ; Book number/undivided call number, CALL (RLIN) HYL
100 1# - MAIN ENTRY--PERSONAL NAME
Personal name Hyland, Bruce N.
9 (RLIN) 5954
245 10 - TITLE STATEMENT
Title Reflections for managers /
Statement of responsibility, etc. Bruce N. Hyland and Merle J. Yost
260 ## - PUBLICATION, DISTRIBUTION, ETC.
Place of publication, distribution, etc. New York :
Name of publisher, distributor, etc. McGraw-Hill,
Date of publication, distribution, etc. 1994 (1995 printing)
300 ## - PHYSICAL DESCRIPTION
Extent xiii, 143p. ;
Dimensions 18cm +
Accompanying material 1 computer diskette (9 x 9 1/2)cm
506 ## - RESTRICTIONS ON ACCESS NOTE
Terms governing access 2 copies (pbk.) available at BRU
650 ## - SUBJECT ADDED ENTRY--TOPICAL TERM
Topical term or geographic name entry element Industrial, Location of
9 (RLIN) 5955
650 ## - SUBJECT ADDED ENTRY--TOPICAL TERM
Topical term or geographic name entry element Psychology, Industrial
9 (RLIN) 1404
700 1# - ADDED ENTRY--PERSONAL NAME
Personal name Yost, Merle J.
9 (RLIN) 5956
942 ## - ADDED ENTRY ELEMENTS (KOHA)
Source of classification or shelving scheme
Koha item type Book
Holdings
Withdrawn status Lost status Source of classification or shelving scheme Damaged status Not for loan Collection code Home library Current library Shelving location Date acquired Inventory number Total Checkouts Full call number Barcode Date last seen Price effective from Koha item type
          NON-FICTION AKMAL Melaka AKMAL Melaka PINJAMAN 18.05.2017 601427   658 HYL 201703633 18.05.2017 18.05.2017 Book
Pusat Sumber Maklumat Dato' Haji Sarmin Md Hussin, Akademi Kastam Diraja Malaysia, Melaka
Tel: 06-2331106 | Faks: 06-2313787